LEADER 00867cam2 22002533 450 001 SOBE00042290 005 20140410101053.0 100 $a20140410d1943 |||||ita|0103 ba 101 $aita 102 $aIT 200 1 $a<<3: I >>pittori e gl'incisori$fEmilio Lavagnino 210 $aRoma$cLibreria dello Stato$d1943 215 $aXI, 207 p., 180 c. di tav.$cill.$d28 cm 461 1$1001SOB008077$12001 $a<>artisti italiani in Germania 700 1$aLavagnino$b, Emilio$3AF00007363$4070$02384 801 0$aIT$bUNISOB$c20140410$gRICA 850 $aUNISOB 852 $aUNISOB$j700|Coll|11|K$m3270 912 $aSOBE00042290 940 $aM 102 Monografia moderna SBN 941 $aM 957 $a700|Coll|11|K$b000011$i-3$gSI$d3270$1rovito$2UNISOB$3UNISOB$420140410100916.0$520140410100948.0$6rovito 996 $aPittori e gl'incisori$91711176 997 $aUNISOB LEADER 01206nam0 22002651i 450 001 UON00140494 005 20231205102839.297 100 $a20020107d1972 |0itac50 ba 101 $aeng 102 $aNL 105 $a|||| 1|||| 200 1 $a24th International Congress of Chinese studies "Leeuwenhorst" Noordijkerhout (Near Leiden)$e3-9 September 1972$fLeeuwenhorst Congress Center 210 $aNoordwijkerhout$c[s.n.]$d1972 215 $a1 v.$d23 cm 517 1$3UON00367999$aInternational congress of Chinese studies <24. 1972. Noordwijerhout> 606 $aCina$xCultura e civiltà$xCongressi$3UONC007496$2FI 620 $dNoordwijkerhout$3UONL002945 686 $aCIN GEN E I$cCINA - CONGRESSI - GENERALIA$2A 712 $aLeeuwenhorst congress center$3UONV263628$4650 801 $aIT$bSOL$c20250418$gRICA 899 $aSIBA - SISTEMA BIBLIOTECARIO DI ATENEO$2UONSI 912 $aUON00140494 950 $aSIBA - SISTEMA BIBLIOTECARIO DI ATENEO$dSI CIN GEN E I 002 (2) $eSI SA 99829 7 002 (2) 996 $a24th International Congress of Chinese studies "Leeuwenhorst" Noordijkerhout (Near Leiden$91278734 997 $aUNIOR